PAC-12 Gymnastics Champions - Statistics

General Stats
  • This quiz has been taken 52 times
    24 since last reset
  • The average score is 51 of 267
Answer Stats
Year Event School Answer % Correct
2018 AA UCLA Kyla Ross
92%
2019 AA UCLA Kyla Ross
92%
2018 UB UCLA Kyla Ross
92%
2019 UB UCLA Kyla Ross
92%
2017 BB UCLA Kyla Ross
92%
2019 FX UCLA Kyla Ross
92%
2017 AA Utah Mykayla Skinner
77%
2018 AA Utah Mykayla Skinner
77%
2017 VT Utah Mykayla Skinner
77%
2019 VT Utah Mykayla Skinner
77%
2017 FX Utah Mykayla Skinner
77%
2018 FX Utah Mykayla Skinner
77%
2019 FX Utah Mykayla Skinner
77%
2018 BB UCLA Peng-Peng Lee
77%
2022 AA Oregon St. Jade Carey
69%
2022 FX Oregon St. *Jade Carey
69%
2002 UB UCLA Jamie Dantzscher
69%
2001 FX UCLA Jamie Dantzscher
69%
2002 FX UCLA Jamie Dantzscher
69%
2019 BB UCLA Katelyn Ohashi
69%
2018 FX UCLA Katelyn Ohashi
69%
2019 FX UCLA Katelyn Ohashi
69%
2005 AA UCLA Kristen Maloney
62%
2005 VT UCLA Kristen Maloney
62%
2004 BB UCLA Kristen Maloney
62%
2005 BB UCLA Kristen Maloney
62%
2005 FX UCLA Kristen Maloney
62%
2021 AA Utah Maile O'Keefe
62%
2021 UB Utah Maile O'Keefe
62%
2021 BB Utah Maile O'Keefe
62%
2021 FX Utah Maile O'Keefe
62%
2021 UB UCLA Margzetta Frazier
54%
2009 UB UCLA Anna Li
46%
2010 UB UCLA Anna Li
46%
2007 BB UCLA Anna Li
46%
2016 BB UCLA Danusia Francis
46%
2005 AA UCLA Tasha Schwikert
46%
2007 AA UCLA Tasha Schwikert
46%
2007 VT UCLA Tasha Schwikert
46%
2005 UB UCLA Tasha Schwikert
46%
2008 UB UCLA Tasha Schwikert
46%
2007 BB UCLA Tasha Schwikert
46%
2007 FX UCLA Tasha Schwikert
46%
2003 AA UCLA Kate Richardson
38%
2003 FX UCLA Kate Richardson
38%
2004 FX UCLA Kate Richardson
38%
2000 AA UCLA Mohini Bhardwaj
38%
2001 AA UCLA Mohini Bhardwaj
38%
2000 VT UCLA Mohini Bhardwaj
38%
2001 VT UCLA Mohini Bhardwaj
38%
2000 FX UCLA Mohini Bhardwaj
38%
2021 FX UCLA Pauline Tratz
38%
2014 BB UCLA Samantha Peszek
38%
2015 BB UCLA Samantha Peszek
38%
2015 FX UCLA Samantha Peszek
38%
1997 FX UCLA Amy Smith
31%
2016 UB Stanford Elizabeth Price
31%
2018 UB Stanford Elizabeth Price
31%
2018 FX Stanford Elizabeth Price
31%
2019 VT UCLA Felicia Hano
31%
2022 UB Utah Grace McCallum
31%
2022 FX Utah *Grace McCallum
31%
2021 FX Utah Jaedyn Rucker
31%
2003 VT UCLA Jeanette Antolin
31%
2004 VT UCLA Jeanette Antolin
31%
2004 UB UCLA Jeanette Antolin
31%
2006 AA Stanford Tabitha Yim
31%
2008 AA Stanford Tabitha Yim
31%
2006 BB Stanford Tabitha Yim
31%
2006 VT Oregon St. Tasha Smith
31%
2008 VT Oregon St. Tasha Smith
31%
2006 FX Oregon St. Tasha Smith
31%
2008 FX Oregon St. Tasha Smith
31%
2021 BB Utah Abby Paulson
23%
2022 BB Utah *Abby Paulson
23%
2021 FX UCLA Chae Campbell
23%
2015 AA Utah Georgia Dabritz
23%
2014 VT Utah Georgia Dabritz
23%
2012 UB Utah Georgia Dabritz
23%
2014 UB Utah Georgia Dabritz
23%
2014 FX Utah Georgia Dabritz
23%
2015 FX Utah Georgia Dabritz
23%
1999 AA UCLA Heidi Moneymaker
23%
1999 VT UCLA Heidi Moneymaker
23%
2000 FX UCLA Heidi Moneymaker
23%
2002 AA UCLA Onnie Willis
23%
2002 UB UCLA Onnie Willis
23%
2010 AA UCLA Vanessa Zamarripa
23%
2013 AA UCLA Vanessa Zamarripa
23%
2010 VT UCLA Vanessa Zamarripa
23%
2012 VT UCLA Vanessa Zamarripa
23%
2013 VT UCLA Vanessa Zamarripa
23%
2013 BB UCLA Vanessa Zamarripa
23%
2012 AA Utah Corrie Lothrop
15%
2015 UB Utah Corrie Lothrop
15%
2021 UB Utah Cristal Isa
15%
2021 BB Utah Cristal Isa
15%
2002 UB UCLA Doni Thompson
15%
2016 UB UCLA JaNay Honest
15%
2018 VT Utah MaKenna Merrell
15%
2013 FX Oregon St. Melanie Jones
15%
2021 VT UCLA Sekai Wright
15%
2021 FX Utah Sydney Soloski
15%
2016 FX Cal Toni-Ann Williams
15%
2002 BB UCLA Alyssa Beckerman
8%
2004 BB Arizona St. Ashley Kelly
8%
2005 BB Arizona St. Ashley Kelly
8%
2016 BB Utah Baely Rowe
8%
2016 AA Utah Breanna Hughes
8%
2016 VT Utah Breanna Hughes
8%
2010 FX UCLA Brittani McCullough
8%
2003 UB Washington Carly Dockendorf
8%
2009 AA Stanford Carly Janiga
8%
2009 UB Stanford Carly Janiga
8%
2008 BB Stanford Carly Janiga
8%
2009 BB Stanford Carly Janiga
8%
2010 FX Stanford Carly Janiga
8%
2001 VT Stanford Caroline Fluhrer
8%
2004 BB Stanford Caroline Fluhrer
8%
1992 AA Oregon St. Chari Knight
8%
1991 UB Oregon St. Chari Knight
8%
1992 UB Oregon St. Chari Knight
8%
1994 UB Oregon St. Chari Knight
8%
1992 BB Oregon St. Chari Knight
8%
1994 BB Oregon St. Chari Knight
8%
2012 BB UCLA Elyse Hopfner-Hibbs
8%
1996 AA Arizona Heidi Hornbeek
8%
1997 BB Arizona Heidi Hornbeek
8%
1997 FX Arizona Heidi Hornbeek
8%
2012 VT Stanford Ivana Hong
8%
2015 UB Stanford Ivana Hong
8%
1989 AA Oregon St. Joy Selig
8%
1991 AA Oregon St. Joy Selig
8%
1989 UB Oregon St. Joy Selig
8%
1989 BB Oregon St. Joy Selig
8%
1990 BB Oregon St. Joy Selig
8%
1991 BB Oregon St. Joy Selig
8%
1989 FX Oregon St. Joy Selig
8%
1990 FX Oregon St. Joy Selig
8%
1991 FX Oregon St. Joy Selig
8%
2021 FX Cal Kyana George
8%
2021 FX Stanford Kyla Bryant
8%
1994 AA UCLA Leah Homma
8%
1997 AA UCLA Leah Homma
8%
1998 AA UCLA Leah Homma
8%
1996 UB UCLA Leah Homma
8%
1997 UB UCLA Leah Homma
8%
1998 VT UCLA Lena Degteva
8%
2000 UB UCLA Lena Degteva
8%
2000 BB UCLA Lena Degteva
8%
2001 BB Stanford Lindsay Wing
8%
2002 BB Stanford Lindsay Wing
8%
2003 BB Stanford Lindsay Wing
8%
2004 BB Stanford Lindsay Wing
8%
1995 VT California Lisa Washington
8%
2006 UB Stanford Liz Tricase
8%
2007 UB Stanford Liz Tricase
8%
2008 UB Stanford Liz Tricase
8%
2016 BB Oregon St. Madeline Gardiner
8%
2004 AA Stanford Natalie Foley
8%
2004 VT Stanford Natalie Foley
8%
2004 UB Stanford Natalie Foley
8%
2002 FX Arizona Randi Liljenquist
8%
1997 FX Oregon St. Randi Miller
8%
1992 UB UCLA Rhonda Faehn
8%
2016 BB Oregon St. Risa Perez
8%
2001 UB Washington Stacy Wong
8%
1995 AA UCLA Stella Umeh
8%
1995 UB UCLA Stella Umeh
8%
1995 BB UCLA Stella Umeh
8%
1998 BB UCLA Stella Umeh
8%
1995 FX UCLA Stella Umeh
8%
1998 FX UCLA Stella Umeh
8%
1987 AA UCLA Tanya Service
8%
1987 UB UCLA Tanya Service
8%
1987 BB UCLA Tanya Service
8%
1989 BB UCLA Tanya Service
8%
1989 FX UCLA Tanya Service
8%
2014 AA Utah Tory Wilson
8%
2015 VT Utah Tory Wilson
8%
2022 VT Utah Alexia Burch
0%
2014 VT Washington Aliza Vaccher
0%
2014 VT Arizona Allison Flores
0%
2013 BB Stanford Amanda Spinner
0%
1992 VT Arizona Anna Basaldua
0%
2007 VT Washington Ashley Houghting
0%
2011 FX Stanford Ashley Morgan
0%
2012 FX Stanford Ashley Morgan
0%
2013 FX Stanford Ashley Morgan
0%
1993 BB UCLA Carol Ulrich
0%
2003 FX Oregon St. Chrissy Lamun
0%
1991 VT Arizona St. Christine Belotti
0%
1992 UB California Cindy Tom
0%
1999 UB Oregon St. Danae Phillips
0%
2017 VT Oregon St. Dani Dessaints
0%
1995 VT Arizona Darci Wambsgans
0%
1998 UB Oregon St. Deanne Droegemueller
0%
1990 UB Arizona Diana Rendall
0%
1990 VT Arizona Diane Monty
0%
2003 UB Oregon St. Elizabeth Jillson
0%
2000 FX Arizona St. Elizabeth McNabb
0%
2002 VT Wahington Emily Pritchard
0%
2017 UB Oregon St. Erika Aufiero
0%
2008 BB Oregon St. Jami Lanz
0%
1989 VT Oregon St. Jami Sherman
0%
2009 UB Oregon St. Jen Kesler
0%
1993 BB Arizona Jenna Karadbil
0%
2015 FX Arizona Jessie Sisler
0%
1988 AA UCLA Jill Andrews
0%
1990 AA UCLA Jill Andrews
0%
1988 VT UCLA Jill Andrews
0%
1990 VT UCLA Jill Andrews
0%
1990 UB UCLA Jill Andrews
0%
1987 BB Arizona Jodie Leekwai
0%
2016 UB Washington Kaitlyn Duranczyk
0%
1993 AA UCLA Kareema Marrow
0%
1994 VT UCLA Karen Nelson
0%
1995 VT Arizona St. Katie Freeland
0%
1988 UB UCLA Kim Hamilton
0%
1989 UB UCLA Kim Hamilton
0%
1988 FX UCLA Kim Hamilton
0%
1989 FX UCLA Kim Hamilton
0%
1996 VT Washington Klara Kudilkova
0%
1997 FX Washington Klara Kudlikova
0%
1993 VT Arizona Kristi Gunning
0%
1999 FX Oregon St. Lara Degenhardt
0%
2010 BB Oregon St. Laura-Ann Chong
0%
2000 FX Arizona St. Lea Carver
0%
2011 AA Oregon St. Leslie Mak
0%
2009 UB Oregon St. Leslie Mak
0%
2011 BB Oregon St. Leslie Mak
0%
1996 BB Arizona St. Lisa Vincijanovic
0%
2001 BB Stanford Lise Leveille
0%
2002 BB Stanford Lise Leveille
0%
2011 UB Oregon St. Makayla Stambaugh
0%
2013 UB Oregon St. Makayla Stambaugh
0%
2009 VT Oregon St. Mandi Rodriguez
0%
2009 FX Oregon St. Mandi Rodriguez
0%
1996 FX Oregon St. Megan Bert
0%
1993 UB UCLA Megan Fenton
0%
1999 VT Oregon St. Megan Murphy-Barcroft
0%
1999 BB Oregon St. Megan Murphy-Barcroft
0%
1997 FX California Mindy Ornellas
0%
2004 BB Washington Molly Seaman
0%
2004 BB California My-Lan Dodd
0%
2014 FX Utah Nansy Damianova
0%
2009 UB Stanford Nicole Ourada
0%
2009 FX Stanford Nicole Ourada
0%
2011 VT UCLA Olivia Courtney
0%
2012 VT UCLA Olivia Courtney
0%
2013 FX UCLA Olivia Courtney
0%
2014 VT Arizona Shelby Edwards
0%
2002 BB Arizona Stevie Flanning
0%
1990 UB Arizona St. Suzy Baldock
0%
2017 VT Utah Tiffani Lewis
0%
2016 FX Utah Tiffani Lewis
0%
1997 VT Washington Tiffany Simpson
0%
1993 VT Arizona St. Tina Brinkman
0%
1992 UB Arizona St. Tina Brinkman
0%
1992 FX Arizona St. Tina Brinkman
0%
1993 FX Arizona St. Tina Brinkman
0%
1994 FX Arizona St. Tina Brinkman
0%
1987 AA Washington Yumi Mordre
0%
1987 VT Washington Yumi Mordre
0%
1988 BB Washington Yumi Mordre
0%
1989 BB Washington Yumi Mordre
0%
1987 FX Washington Yumi Mordre
0%
No matching quizzes found
Score Distribution
Percent of People with Each Score
Percentile by Number Answered
Your Score History
You have not taken this quiz since the last reset